Statistiques concernant Jeux Ratchet et Clank

Cliquez ici pour prendre le quiz!

Statistiques générales

  • Ce quiz a été pris 60 fois
  • Le résultat moyen est 7 sur 14

Statistiques - réponses

Réponse% Correct
Ratchet et Clank
91%
Ratchet et Clank 2
79%
Ratchet et Clank 3
77%
Ratchet : Gladiator
77%
Ratchet et Clank : Nexus
68%
Ratchet et Clank : Opération Destruction
57%
Ratchet et Clank : A crack in time
49%
Ratchet et Clank : La taille ça compte
47%
Ratchet et Clank : All 4 One
45%
Ratchet et Clank : Rift Apart
38%
Ratchet et Clank (PS4)
34%
Ratchet et Clank : QForce
32%
Ratchet et Clank : Quest for Booty
30%
Secret Agent Clank
26%

Distribution des résultats

Percentile par nombre de réponses

% des personnes avec chaque résultat

Votre développement - résultats

Vous n’avez pas pris ce quiz